Non Farti Mordere - Statistics

Statistiche generali
  • Questo quiz è stato fatto 1.754 volte
  • Il punteggio medio è 8 su 27
Answers on the Grid
Answers color-coded by a green-red scale on the quiz's grid according to % correct below.
 
Statistiche sulle risposte
Risposta % Corretto
33%
32%
31%
31%
31%
31%
31%
30%
30%
30%
28%
28%
28%
28%
28%
28%
28%
27%
27%
26%
26%
26%
26%
25%
25%
25%
25%
Nessun quiz corrispondente trovato
Distribuzione punteggi
Percentuale di utenti per punteggio
Percentile per numero di risposta
I tuoi punteggi nel tempo
Non hai fatto questo quiz